Management accounting: (Record no. 38243)

MARC details
000 -LEADER
fixed length control field 00973nam a22001937a 4500
005 - DATE AND TIME OF LATEST TRANSACTION
control field 20100730125039.0
010 ## - LCCN (DPL NO)
LC control number ENG-97167
020 ## - INTERNATIONAL STANDARD BOOK NUMBER
International Standard Book Number 9789380060224
Terms of availability 250.00
035 ## - SYSTEM CONTROL NUMBER
System control number EN-80700
037 ## - SOURCE OF ACQUISITION
Source of stock number/acquisition DBAD/PUB
082 ## - DEWEY DECIMAL CLASSIFICATION NUMBER
Classification number 658.1511
100 ## - MAIN ENTRY--PERSONAL NAME
Personal name Jayasankar, S.
245 ## - TITLE STATEMENT
Title Management accounting:
Remainder of title theory, problems and solutions /
Statement of responsibility, etc by S. Jayasankar
260 ## - PUBLICATION, DISTRIBUTION, ETC. (IMPRINT)
Place of publication, distribution, etc Salem
Name of publisher, distributor, etc M.S.K Publications
Date of publication, distribution, etc 2009
270 ## - ADDRESS
Address 3/189-E, Athanoor Amman Kovil St., Masinayaganpatti-Post, Ayuyothiyappattinam
City Salem
Postal code 636103
300 ## - PHYSICAL DESCRIPTION
Extent 336p.
Dimensions 23cm (pbk)
942 ## - ADDED ENTRY ELEMENTS (KOHA)
Source of classification or shelving scheme Dewey Decimal Classification
Item type English Books
Classification part 658.1511
Call number suffix JAY
Holdings
Withdrawn status Lost status Not for loan Collection code Home library Current library Date acquired Source of acquisition Cost, normal purchase price Full call number Barcode Copy number Cost, replacement price Koha item type
    Not For Loan Non-fiction D.B.Act.Division D.B.Act.Division 30/07/2010 DBAD/PUB 250.00 658.1511 JAY EN-80700 1 250.00 English Books

© Delhi Public Library
Hit Counter
free hit counter